|
|
|
|
| LEADER |
02591nam a2200613 a 4500 |
| 001 |
nkc20071708759 |
| 003 |
CZ PrNK |
| 005 |
20190327235015.0 |
| 007 |
ta |
| 008 |
070502s2006 xr f 000 0 cze |
| 015 |
|
|
|a cnb001708759
|
| 020 |
|
|
|a 80-7285-078-4
|q (brož.)
|
| 035 |
|
|
|a (OCoLC)136691071
|
| 040 |
|
|
|a ABA001
|b cze
|
| 043 |
|
|
|a e-xr---
|
| 045 |
|
|
|a x4x6
|
| 072 |
|
7 |
|a 94(437)
|x Dějiny Česka a Slovenska
|2 Konspekt
|9 8
|
| 080 |
|
|
|a 69.059.62
|2 MRF
|
| 080 |
|
|
|a 911.373-021.142
|2 MRF
|
| 080 |
|
|
|a 913(1-192)
|2 MRF
|
| 080 |
|
|
|a 94(437.3)
|2 MRF
|
| 080 |
|
|
|a (048.8)
|2 MRF
|
| 080 |
|
|
|a (093)
|2 MRF
|
| 100 |
1 |
|
|a Kovařík, David,
|d 1972-
|7 js20060922013
|4 aut
|
| 245 |
1 |
0 |
|a Proměny českého pohraničí v letech 1958-1960 :
|b demoliční akce v českém pohraničí se zřetelem k vývoji od roku 1945 /
|c David Kovařík
|
| 246 |
3 |
0 |
|a Demoliční akce v českém pohraničí se zřetelem k vývoji od roku 1945
|
| 250 |
|
|
|a Vyd. 1.
|
| 260 |
|
|
|a Brno :
|b Prius,
|c 2006
|
| 300 |
|
|
|a 107 s. ;
|c 23 cm
|
| 490 |
1 |
|
|a Studijní materiály výzkumného projektu Komunistické Československo na přelomu 50. a 60. let ;
|v sv. 3
|
| 504 |
|
|
|a Obsahuje bibliografii a bibliografické odkazy
|
| 550 |
|
|
|a Vydáno pro Ústav pro soudobé dějiny AV ČR
|
| 648 |
|
4 |
|a 1945-1960
|
| 650 |
0 |
7 |
|a demolice staveb
|7 ph135868
|z Česko
|y 1945-1968
|2 czenas
|
| 650 |
0 |
7 |
|a zaniklé obce
|7 ph127539
|z Česko
|y 1945-1968
|2 czenas
|
| 650 |
0 |
7 |
|a pohraničí
|7 ph124197
|z Česko
|y 1945-1968
|2 czenas
|
| 650 |
0 |
9 |
|a building demolition
|z Czechia
|y 1945-1968
|2 eczenas
|
| 650 |
0 |
9 |
|a lost villages
|z Czechia
|y 1945-1968
|2 eczenas
|
| 650 |
0 |
9 |
|a border region
|z Czechia
|y 1945-1968
|2 eczenas
|
| 651 |
|
7 |
|a Česko
|7 ge128065
|x dějiny
|y 1945-1968
|2 czenas
|
| 651 |
|
9 |
|a Czechia
|x history
|y 1945-1968
|2 eczenas
|
| 655 |
|
7 |
|a studie
|7 fd133597
|2 czenas
|
| 655 |
|
7 |
|a dokumenty
|7 fd132064
|2 czenas
|
| 655 |
|
9 |
|a studies
|2 eczenas
|
| 655 |
|
9 |
|a documents
|2 eczenas
|
| 710 |
2 |
|
|a Ústav pro soudobé dějiny (Akademie věd ČR)
|7 kn20010709012
|
| 830 |
|
0 |
|a Studijní materiály výzkumného projektu Komunistické Československo na přelomu 50. a 60. let
|0 s
|
| 856 |
4 |
1 |
|u http://www.digitalniknihovna.cz/mzk/uuid/uuid:7790c6b0-f6f4-11e8-bc37-005056827e51
|y Digitalizovaný dokument
|x NDK
|
| 910 |
2 |
|
|a BOA001
|b 2-1192.073
|
| 990 |
|
|
|a BK
|
| 995 |
|
|
|a 01
|
| 991 |
|
|
|b 200710
|c NOV
|
| 996 |
6 |
|
|b 2610320099
|c 2-1192.073
|l MZK
|r Sklad / do 1 hodiny
|n 4
|p p.v.
|w 000866518
|u 000010
|a 1
|e BOA001
|j MZK50
|s P
|
| 996 |
7 |
|
|b 2610320100
|c 2-1192.073
|l MZK
|r Sklad / do 1 hodiny
|n 14
|p p.v.
|w 000866518
|u 000020
|a 1
|e BOA001
|j MZK50
|s A
|